000 01337 a2200229 4500
005 20080919143854.0
008 080919t xxu||||| |||| 00| 0 hin d
010 _aHIN-81245
020 _a8178793334
_c595.00
035 _aHN-53591
037 _bD.B.Act / Pub
082 _a796.07
100 _aश्रीवास्तव,ए.के
245 _aशारीरिक शिक्षा में अनुसंधान
_cए.के.श्रीवास्तव
246 _aSharirk shiksha mein anusandhan
_bby A. K . Srivastava
260 _aनई दिल्ली
_bस्पोट्र्स पब्लिकेशन
_c2007
270 _aजी-23/23-बी,ई एम सी ए हाउस,अंसारी रोड,दरियागंज
_bनई दिल्ली
_e110002
_k(ऑ)65749511,66326118 (नि)27562163(मो.)9868028838
_l011-23240261
_mlakshaythani@hotmail.com
300 _a349पृ
_c22सेमी(सजिल्द)
650 _aPhysical Education
942 _adpl
_cHN
_k796.07 / श्रीवास्त
_2ddc
_h796.07
_mश्रीवास्त
999 _c8103
_d8103